| 000 | 00561nam a2200169 4500 | ||
|---|---|---|---|
| 001 | 116286 | ||
| 003 | ES-MaACL | ||
| 005 | 20230906190657.0 | ||
| 007 | t| | ||
| 008 | 061121s1965 sp r ||||1| spa d | ||
| 100 | 1 |
_aParkinson, C. Northcote. _989190 |
|
| 245 | 1 | 3 |
_aEl Este contra el Oeste _b: (Cuarta Ley de Parkinson) / _cpor Northcote C. Parkinson , traducido por Rafael SantamarĂa Redondo. |
| 260 |
_aBilbao : _bDeusto, _c1965. |
||
| 300 |
_a352 p. ; _c21 cm. |
||
| 700 | 1 |
_aSantamarĂa Redondo, Rafael. _9103314 |
|
| 852 |
_aES-MaACL _jC-26804 _bR.55912 |
||
| 999 |
_c116286 _d116286 |
||